Differenzierte Behandlungsmethoden im Vollzug

Gespeichert in:  
Bibliographische Detailangaben
1. VerfasserIn: Kaiser, Günther 1928-2007 (Verfasst von)
Medienart: Druck Aufsatz
Sprache:Deutsch
Veröffentlicht: 1980
In: Gibt es ein Recht auf Strafe?
Jahr: 1980, Seiten: 79-102
Verfügbarkeit prüfen: HBZ Gateway
Schlagwörter:

MARC

LEADER 00000caa a2200000 c 4500
001 1464672520
003 DE-627
005 20220601114930.0
007 tu
008 131024s1980 xx ||||| 00| ||ger c
035 |a (DE-627)1464672520 
035 |a (DE-576)394672526 
035 |a (DE-599)BSZ394672526 
040 |a DE-627  |b ger  |c DE-627  |e rakwb 
041 |a ger 
100 1 |a Kaiser, Günther  |d 1928-2007  |0 (DE-588)120806045  |0 (DE-627)080898319  |0 (DE-576)16163544X  |4 aut 
109 |a Kaiser, Günther 1928-2007  |a Kajzer, Ginter 1928-2007  |a Kaiser, Günter 1928-2007 
245 1 0 |a Differenzierte Behandlungsmethoden im Vollzug  |c G. Kaiser 
264 1 |c 1980 
336 |a Text  |b txt  |2 rdacontent 
337 |a ohne Hilfsmittel zu benutzen  |b n  |2 rdamedia 
338 |a Band  |b nc  |2 rdacarrier 
773 0 8 |i In  |t Gibt es ein Recht auf Strafe?  |d Loccum : Evangelische Akademie, 1980  |g (1980), Seite 79-102  |h 141 S.  |w (DE-627)1078629072  |w (DE-576)008629072  |7 nnam 
773 1 8 |g year:1980  |g pages:79-102 
951 |a AR 
ELC |b 1 
LOK |0 000 xxxxxcx a22 zn 4500 
LOK |0 001 2770224468 
LOK |0 003 DE-627 
LOK |0 004 1464672520 
LOK |0 005 20251210083634 
LOK |0 008 131024||||||||||||||||ger||||||| 
LOK |0 040   |a DE-21-110  |c DE-627  |d DE-21-110 
LOK |0 689   |a s  |a Klassifizierung 
LOK |0 689   |a s  |a Strafgefangene 
LOK |0 852   |a DE-21-110 
LOK |0 852 1  |m p  |9 00 
LOK |0 935   |a k110 
LOK |0 938   |k p 
LOK |0 939   |a 24-10-13  |b l01 
ORI |a SA-MARC-krimdoka001.raw